00674nam a2200253 a 4500001001500000003000700015005001800022008004100040020000500081022000500086040001000091082000800101245002200109250000500131260003000136300001700166500000600183100002000189700002100209942000700230653006900237952009700306999001700403adlib96000001 ViArRB200902210153555.7960221s1955 dcuabcdjdbkoqu001 0deng d a a aAdlib a547 aOrganic chemistry a aNew YorkbMacmillanc1966 axii, 881p.c a  aRakoff, Henrye aRose, Norman Ca cBK aPhysical organic chemistryaOrganic chemistryaOrganic reactions 00104070aULbULd2010-06-16l4o547 RAKp00006252r2012-11-23s2012-11-22w2010-06-16yBK c15500d15499